Literature - World Literature | 0 | 7 | 1 | 0 | 65 | 82 | 101.29 | 1 | 3 |
Fine Arts - Painting & Sculpture | 0 | 6 | 3 | 0 | 45 | 46 | 74.50 | 3 | 4 |
Fine Arts - Other Fine Arts | 0 | 4 | 1 | 1 | 35 | 73 | 106.00 | 1 | 2 |
Mythology | 0 | 3 | 0 | 0 | 30 | 96 | 124.67 | 0 | 0 |
Fine Arts - Classical Music | 0 | 4 | 2 | 1 | 30 | 53 | 97.75 | 0 | 3 |
Literature - European Literature | 0 | 2 | 0 | 0 | 20 | 117 | 127.50 | 0 | 0 |
Science - Biology | 0 | 2 | 0 | 0 | 20 | 93 | 100.00 | 0 | 0 |
Other | 0 | 1 | 0 | 0 | 10 | 87 | 87.00 | 0 | 0 |
Science - Chemistry | 0 | 1 | 0 | 1 | 10 | 120 | 120.00 | 0 | 0 |
History - American History | 0 | 1 | 0 | 1 | 10 | 135 | 135.00 | 0 | 0 |
History - European History | 0 | 1 | 0 | 1 | 10 | 130 | 130.00 | 0 | 0 |
Literature - American Literature | 0 | 1 | 0 | 0 | 10 | 77 | 77.00 | 0 | 1 |
Social Science | 0 | 1 | 1 | 1 | 5 | 119 | 119.00 | 0 | 0 |
Literature - British Literature | 0 | 1 | 1 | 0 | 5 | 118 | 118.00 | 0 | 0 |
History - Other History | 0 | 0 | 1 | 0 | -5 | | 0.00 | 0 | 0 |